000 01193nam a22002417a 4500
005 20080611161650.0
008 080611t xxu||||| |||| 00| 0 eng d
010 _aHIN-83427
020 _a8187733519
_c350.00
035 _aHN-55773
037 _bDBAD / PUB
040 _aDPL
_bHN
082 _a250
245 _aमिलिन्द-प्रश्न /
_cभिक्षु जगदीश काश्यप द्वारा अनुदित
246 _aMilind-prashan
_btranslated by Jagdish Kashyap
260 _aदिल्ली
_bगौतम बुक सेन्टर
_c2006
270 _aचन्दन सदन, सी-263 ए/9, हरदेवपुरी,शाहदरा
_bदिल्ली
_e110093
_k22570380, 55822074
300 _a440पृ
_c22सेमी(सजिल्द)
650 _aBuddhism
700 _aकाश्यप, भिक्षु जगदीश
942 _cHN
_2ddc
_h250
_mमिलिन्द
999 _c13533
_d13533